000 00320nam a22001337a 4500
008 181022b xxu||||| |||| 00| 0 eng d
020 _a9780618001040
041 _aeng
080 _a941
100 _a17
101 _aHIS
245 _aBritain Yesterday and Today 1830 to the Present
_cArnstein, W.L
942 _2udc
_cBK
999 _c50524
_d50524